|
|
|
|
| LEADER |
01685nam a2200421Ia 4500 |
| 001 |
EBC259889 |
| 003 |
MiAaPQ |
| 005 |
20200520144314.0 |
| 006 |
m o d | |
| 007 |
cr cn||||||||| |
| 008 |
030602s2004 nyu sb 001 0 eng d |
| 010 |
|
|
|z 2003053299
|
| 020 |
|
|
|z 0511193858
|
| 020 |
|
|
|z 0521830737
|
| 035 |
|
|
|a (MiAaPQ)EBC259889
|
| 035 |
|
|
|a (Au-PeEL)EBL259889
|
| 035 |
|
|
|a (CaPaEBR)ebr10130422
|
| 035 |
|
|
|a (CaONFJC)MIL47784
|
| 035 |
|
|
|a (OCoLC)776970799
|
| 040 |
|
|
|a MiAaPQ
|c MiAaPQ
|d MiAaPQ
|
| 050 |
|
4 |
|a HC260.5.Z9
|b I556 2004
|
| 082 |
0 |
4 |
|a 338.9417/06
|2 21
|
| 100 |
1 |
|
|a O Riain, S.
|q (Sean)
|
| 245 |
1 |
4 |
|a The politics of high-tech growth
|h [electronic resource] :
|b developmental network states in the global economy /
|c Sean O Riain.
|
| 260 |
|
|
|a New York :
|b Cambridge University Press,
|c c2004.
|
| 300 |
|
|
|a xviii, 270 p.
|
| 490 |
1 |
|
|a Structural analysis in the social sciences
|
| 504 |
|
|
|a Includes bibliographical references (p. 247-264) and index.
|
| 533 |
|
|
|a Electronic reproduction. Ann Arbor, MI : ProQuest, 2015. Available via World Wide Web. Access may be limited to ProQuest affiliated libraries.
|
| 650 |
|
0 |
|a Information technology
|x Economic aspects
|z Ireland.
|
| 650 |
|
0 |
|a Economic development
|x Social aspects
|z Ireland.
|
| 650 |
|
0 |
|a Industrial policy
|x Social aspects
|z Ireland.
|
| 650 |
|
0 |
|a Technological innovations
|x Government policy
|z Ireland.
|
| 650 |
|
0 |
|a Computer software industry
|z Ireland.
|
| 655 |
|
4 |
|a Electronic books.
|
| 710 |
2 |
|
|a ProQuest (Firm)
|
| 830 |
|
0 |
|a Structural analysis in the social sciences.
|
| 856 |
4 |
0 |
|u https://ebookcentral.proquest.com/lib/matrademy/detail.action?docID=259889
|z Click to View
|